000
00270nam a22001337a 4500
003
SGT
082
_a
658
_b
B93G
100
_a
GHOSH,P.K
245
_a
BUSINESS POLICY
260
_a
NEW DELHI
_b
SULTAN CHAND
_c
1993
300
_a
545
650
_a
PHARMACY
942
_2
ddc
_c
BK
999
_c
11228
_d
11228